| 000 | 00436nam a22001697a 4500 | ||
|---|---|---|---|
| 003 | SGT | ||
| 020 | _a9789354666872 | ||
| 082 |
_a616.07 _bH22S |
||
| 100 | _aSUNDARAM, SANDHYA,ed. | ||
| 245 | _aHAND BOOK OF PATHOLOGY FOR POSTGRADUATE STUDENTS | ||
| 250 | _a4TH | ||
| 260 |
_aNEW DELHI _bCBS PUB. _c2022 |
||
| 300 | _a657 | ||
| 650 | _aPATHOLOGY | ||
| 653 | _a PATHOLOGY, POSTGRADUATE PATHOLOGY, HANDBOOK PATHOLOGY | ||
| 942 |
_2ddc _cBK |
||
| 999 |
_c23956 _d23956 |
||